000 01761nam a2200337 a 4500
001 ebr10194722
003 CaPaEBR
006 m u
007 cr cn|||||||||
008 020604s2003 ilu sb 001 0 eng
010 _z 2002008095
020 _z0838908284 (alk. paper)
040 _aCaPaEBR
_cCaPaEBR
035 _a(OCoLC)76806746
043 _an-us---
050 1 4 _aKF4315
_b.M56 2003eb
082 0 4 _a344.73/092
_221
100 1 _aMinow, Mary.
245 1 4 _aThe library's legal answer book
_h[electronic resource] /
_cMary Minow, Tomas A. Lipinski.
260 _aChicago :
_bAmerican Library Association,
_c2003.
300 _ax, 361 p.
504 _aIncludes bibliographical references and index.
505 0 _aLibraries and copyright -- Designing the library web page -- Libraries and copyright -- Filters in the library and other restrictions on Internet access -- Digital library resources and patrons with disabilities -- Library records and privacy -- Meeting rooms and displays : the public soapbox inside the library -- Professional liability : reference, collection, book reviews, latchkey children -- Issues in library employment -- Friends, the Internet and lobbying.
533 _aElectronic reproduction.
_bPalo Alto, Calif. :
_cebrary,
_d2013.
_nAvailable via World Wide Web.
_nAccess may be limited to ebrary affiliated libraries.
650 0 _aLibrary legislation
_zUnited States.
650 0 _aInternet access for library users
_xLaw and legislation
_zUnited States.
655 7 _aElectronic books.
_2local
700 1 _aLipinski, Tomas A.,
_d1958-
710 2 _aebrary, Inc.
856 4 0 _uhttp://site.ebrary.com/lib/rucke/Doc?id=10194722
_zAn electronic book accessible through the World Wide Web; click to view
999 _c220591
_d220591